| 000 | 01600nam a2200373 a 4500 | ||
|---|---|---|---|
| 001 | ebr10019114 | ||
| 003 | CaPaEBR | ||
| 006 | m u | ||
| 007 | cr cn||||||||| | ||
| 008 | 921109s1994 nyua sb 001 0 eng | ||
| 010 | _z 92042842 | ||
| 020 | _z0791416593 (alk. paper) | ||
| 020 | _z0791416607 (pbk. : alk. paper) | ||
| 040 |
_aCaPaEBR _cCaPaEBR |
||
| 035 | _a(OCoLC)614714980 | ||
| 050 | 1 | 4 |
_aLA210 _b.C46 1993eb |
| 082 | 0 | 4 |
_a371.2/00973 _220 |
| 245 | 0 | 0 |
_aChanging American education _h[electronic resource] : _brecapturing the past or inventing the future? / _cedited by Kathryn M. Borman and Nancy P. Greenman. |
| 260 |
_aAlbany : _bState University of New York Press, _cc1994. |
||
| 300 |
_axvii, 416 p. : _bill. |
||
| 490 | 1 | _aSUNY series, teacher preparation and development | |
| 504 | _aIncludes bibliographical references and index. | ||
| 533 |
_aElectronic reproduction. _bPalo Alto, Calif. : _cebrary, _d2013. _nAvailable via World Wide Web. _nAccess may be limited to ebrary affiliated libraries. |
||
| 650 | 0 |
_aEducational change _zUnited States. |
|
| 650 | 0 |
_aSchool improvement programs _zUnited States. |
|
| 650 | 0 |
_aCurriculum change _zUnited States. |
|
| 650 | 0 |
_aSchool management and organization _zUnited States. |
|
| 655 | 7 |
_aElectronic books. _2local |
|
| 700 | 1 | _aBorman, Kathryn M. | |
| 700 | 1 | _aGreenman, Nancy P. | |
| 710 | 2 | _aebrary, Inc. | |
| 830 | 0 | _aSUNY series in teacher preparation and development. | |
| 856 | 4 | 0 |
_uhttp://site.ebrary.com/lib/rucke/Doc?id=10019114 _zAn electronic book accessible through the World Wide Web; click to view |
| 999 |
_c9202 _d9202 |
||